Informática usuarios (Registro nro. 12539)
[ vista simple ]
| 000 -Cabecera | |
|---|---|
| Campo de control de longitud fija | 00323noi a22001337a 4500 |
| 005 - Fecha y hora de la última transacción | |
| Campo de control | 20250929103825.0 |
| 008 - Elementos de longitud fija--Información general | |
| Campo de control de longitud fija | 200109b xxu||||| |||| 00| 0 spa d |
| 082 ## - Clasificación Decimal Dewey | |
| Número de clasificación | IU |
| 245 ## - Título propiamente dicho | |
| Título | Informática usuarios |
| 650 ## - Materia general | |
| Temática (materia general) | SALA DE INFORMÁTICA |
| 650 ## - Materia general | |
| Temática (materia general) | EQUIPO TECNOLÓGICO |
| 650 ## - Materia general | |
| Temática (materia general) | COMPUTADORAS |
| 942 ## - Punto de acceso adicional KOHA | |
| Tipo de ítem KOHA | Computadora |
| Fuente del sistema de clasificación o colocación | Dewey Decimal Classification |
| Signatura completa | Código de barras | Tipo de ítem | En préstamo |
|---|---|---|---|
| IU | IU03 | Computadora | |
| IU | IU04 | Computadora | 02/06/2026 |
| IU | IU05 | Computadora | |
| IU | IU06 | Computadora | |
| IU | IU07 | Computadora | |
| IU | IU08 | Computadora | |
| IU | IU02 | Computadora | |
| IU | IU01 | Computadora | 02/06/2026 |
| IG | IG01 | Computadora | |
| IG | IG02 | Computadora | |
| IG | IG03 | Computadora | |
| IG | IG04 | Computadora |